INDIAN BAR REVIEW VOL-47 [1] 2020 (Record no. 8344)

MARC details
000 -LEADER
fixed length control field 00461nam a22001817a 4500
005 - DATE AND TIME OF LATEST TRANSACTION
control field 20230727141822.0
008 - FIXED-LENGTH DATA ELEMENTS--GENERAL INFORMATION
fixed length control field 230727b |||||||| |||| 00| 0 eng d
020 ## - INTERNATIONAL STANDARD BOOK NUMBER
ISBN 978-81-931981-0-0
041 ## - LANGUAGE CODE
Language code of text/sound track or separate title eng
082 ## - DEWEY DECIMAL CLASSIFICATION NUMBER
Classification number 345.400 5
100 ## - MAIN ENTRY--AUTHOR NAME
Personal name DHAL, DEBI PRASHAD AND REDDY, A.RAMI
245 ## - TITLE STATEMENT
Title INDIAN BAR REVIEW VOL-47 [1] 2020
250 ## - EDITION STATEMENT
Edition statement VOL-47[1]
260 ## - PUBLICATION, DISTRIBUTION, ETC. (IMPRINT)
Name of publisher BAR COUNCIL OF INDIA TRUST
300 ## - PHYSICAL DESCRIPTION
Number of Pages 343,p
650 ## - SUBJECT ADDED ENTRY--TOPICAL TERM
Topical Term LAW
942 ## - ADDED ENTRY ELEMENTS (KOHA)
Koha item type Books
Holdings
Lost status Damaged status Collection code Home library Current library Shelving location Date acquired Source of acquisition Cost, normal purchase price Full call number Accession Number Koha item type
    LAW JRU Library JRU Library SHELF-33-E 27/07/2023 PURCHASE 16200.00 345.400 5 27723 Books
    LAW JRU Library JRU Library SHELF-33-E 27/07/2023 PURCHASE 16200.00 345.400 5 27724 Books
    LAW JRU Library JRU Library SHELF-33-E 27/07/2023 PURCHASE 16200.00 345.400 5 27725 Books
    LAW JRU Library JRU Library SHELF-33-E 27/07/2023 PURCHASE 16200.00 345.400 5 27726 Books
    LAW JRU Library JRU Library SHELF-33-E 27/07/2023 PURCHASE 16200.00 345.400 5 27727 Books
    LAW JRU Library JRU Library SHELF-33-E 27/07/2023 PURCHASE 16200.00 345.400 5 27728 Books
    LAW JRU Library JRU Library SHELF-33-E 27/07/2023 PURCHASE 16200.00 345.400 5 27729 Books
    LAW JRU Library JRU Library SHELF-33-E 27/07/2023 PURCHASE 16200.00 345.400 5 27730 Books
    LAW JRU Library JRU Library SHELF-33-E 27/07/2023 PURCHASE 16200.00 345.400 5 27731 Books
    LAW JRU Library JRU Library SHELF-33-E 27/07/2023 PURCHASE 16200.00 345.400 5 27732 Books